|
|
|
|
| LEADER |
01014naa a2200217 i 4500 |
| 001 |
acta85975 |
| 005 |
20241213103024.0 |
| 008 |
241213s2024 hu o 100 hun d |
| 040 |
|
|
|a SZTE Egyetemi Kiadványok Repozitórium
|b hun
|
| 041 |
|
|
|a hun
|
| 100 |
1 |
|
|a Varga Borbála Kincső
|
| 245 |
1 |
0 |
|a Erotika és transzcendencia összefonódása Szabó Lőrinc költészetében
|h [elektronikus dokumentum] :
|b [absztrakt] /
|c Varga Borbála Kincső
|
| 260 |
|
|
|a Szegedi Tudományegyetem Móra Ferenc Szakkollégium
|b Szeged
|c 2024
|
| 300 |
|
|
|a 176
|
| 490 |
0 |
|
|a Móra Kárpát-medencei Interdiszciplináris Szakkollégiumi Konferencia
|v 8
|
| 650 |
|
4 |
|a Bölcsészettudományok
|
| 650 |
|
4 |
|a Nyelvek és irodalom
|
| 695 |
|
|
|a Magyar irodalom - költészet - 20. sz. - előadáskivonat
|
| 700 |
0 |
1 |
|a Szabó Lőrinc
|
| 711 |
|
|
|a VIII. Móra Kárpát-medencei Interdiszciplináris Szakkollégiumi Konferencia
|c Szeged
|d 2024. november 22-24.
|
| 856 |
4 |
0 |
|u http://acta.bibl.u-szeged.hu/85975/1/morakonf_2024_176.pdf
|z Dokumentum-elérés
|